| 000 | 00369nam a2200133Ia 4500 | ||
|---|---|---|---|
| 008 | 240624s9999 xx 000 0 und d | ||
| 041 | _aeng | ||
| 082 | _a020 WHE | ||
| 100 | _aWHERRY TIMOTHY LEE | ||
| 245 | _aINTELLECTUAL PROPERTY EVERYTHING THE DIG | ||
| 260 |
_c2009 _aNew Delhi _bIndiana Publishing House |
||
| 300 | _aviii, : 141 : p. : cm. ; 28 | ||
| 365 |
_cRS _b20 |
||
| 999 |
_c13155 _d13155 |
||